000 00497nam a2200169Ia 4500
005 20250425160636.0
008 250425s9999 xx 000 0 und d
041 _aspa
082 _a620.4
245 0 _aTEXTILES: DETERMINACION DEL POTENCIAL DE ABOTONAMIENTO DE LAS FIBRAS DE ALGODON
250 _a1A ED.
260 _aEcuador
_bINEN
_c1976
260 _aS.L.
500 _aD-14612 s/200. INEN BIBL. 28.06.94 DONACION General Impreso NORMA INEN 148: 1976-09
942 _c01
010 _a1022
999 _c193210
_d193210